El estoicismo.
Saved in:
| Main Author: | |
|---|---|
| Other Authors: | |
| Format: | Book |
| Language: | English |
| Published: |
Madrid, España:
Gredos, S.A.,
1972.
|
| Series: | Biblioteca Hispánica de Filosofía,
|
| Subjects: | |
| Tags: |
Add Tag
No Tags, Be the first to tag this record!
|
MARC
| LEADER | 00000nam a22000007a 4500 | ||
|---|---|---|---|
| 003 | CL-VaPUC | ||
| 005 | 20220822114553.0 | ||
| 008 | 220707t1972 ||||| |||| 00| 0 eng d | ||
| 999 | |c 436804 |d 436802 | ||
| 040 | |c Pontificia Universidad Católica de Valparaíso | ||
| 082 | |a 188 ELO 1972 | ||
| 100 | 1 | |a Elorduy, Eleuterio, |c S.J. |e autor |9 872422 | |
| 245 | |a El estoicismo. | ||
| 260 | |a Madrid, España: |b Gredos, S.A., |c 1972. | ||
| 300 | |a 2 Tomos. | ||
| 490 | |a Biblioteca Hispánica de Filosofía, |n 75. | ||
| 500 | |a c.1- Donación Familia Prof. Alejandro Guzmán Brito. | ||
| 505 | |a T.II-I. En torno a la lógica. | ||
| 583 | |c 20220707 |k Cristina María Rojas Aguilar | ||
| 650 | |a Estoicismo |9 872423 | ||
| 650 | |a Lógica |9 256849 | ||
| 650 | |a Sistema moral |9 872424 | ||
| 700 | |a Pérez Alonso, J. |e colaborador |9 872425 | ||
| 942 | |2 ddc |c BK |n 0 | ||
| 952 | |0 0 |1 0 |2 ddc |4 0 |6 188_000000000000000_ELO_1972 |7 0 |8 C_AGB |9 584534 |a BIBDER |b BIBDER |d 2022-07-07 |e Donación |h t.II |i 5652595 |l 8 |o 188 ELO 1972 |p 5652595 |r 2024-10-07 |s 2024-10-07 |t 1 |w 2022-07-07 |y BK_US |k AGB | ||
| 952 | |0 0 |1 0 |2 ddc |4 0 |6 188_000000000000000_ELO_1972 |7 0 |8 C_AGB |9 584681 |a BIBDER |b BIBDER |d 2022-07-12 |e Donación |h t.I |i 5652675 |l 8 |o 188 ELO 1972 |p 5652675 |r 2024-10-07 |s 2024-10-07 |t 1 |w 2022-07-12 |y BK_US |k AGB | ||